|
|
|
|
| LEADER |
00000nam0a2200000 4500 |
| 001 |
99186 |
| 005 |
20231031111611.0 |
| 010 |
|
|
|a 5229001542
|
| 020 |
|
|
|a RU
|b 88-81807
|
| 035 |
|
|
|a (RuTPU)RU\TPU\book\106409
|
| 090 |
|
|
|a 99186
|
| 100 |
|
|
|a 20060629d1988 k a0rusy5003 ca
|
| 101 |
0 |
|
|a rus
|
| 102 |
|
|
|a RU
|
| 105 |
|
|
|a a z 001zy
|
| 200 |
1 |
|
|a Производство магния электролизом
|f О. А. Лебедев
|
| 210 |
|
|
|a Москва
|c Металлургия
|d 1988
|
| 215 |
|
|
|a 285,[1] с.
|c ил.
|d 21 см
|
| 320 |
|
|
|a Библиогр.: с. 284-286 (78 назв.)
|
| 610 |
1 |
|
|a магний
|
| 610 |
1 |
|
|a электрометаллургия
|
| 610 |
1 |
|
|a электролиз
|
| 610 |
1 |
|
|a сырье
|
| 610 |
1 |
|
|a производство
|
| 610 |
1 |
|
|a обезвоживание
|
| 610 |
1 |
|
|a аппаратура
|
| 610 |
1 |
|
|a очистка
|
| 610 |
1 |
|
|a получение
|
| 610 |
1 |
|
|a электролизеры
|
| 610 |
1 |
|
|a рафинирование
|
| 610 |
1 |
|
|a магниевые сплавы
|
| 675 |
|
|
|a 669.721.37
|z rus
|
| 700 |
|
1 |
|a Лебедев
|b О. А.
|g Олег Андреевич
|4 070
|
| 801 |
|
0 |
|a RU
|b RuMRKP
|c 19950417
|g psbo
|
| 801 |
|
1 |
|a RU
|b 63413507
|c 20060629
|g PSBO
|
| 801 |
|
2 |
|a RU
|b 63413507
|c 20070317
|g PSBO
|
| 942 |
|
|
|c BK
|